|
|
|
|
| LEADER |
01068nam a22002417a 4500 |
| 001 |
11857 |
| 003 |
BD-DhAAL |
| 005 |
20150108110852.0 |
| 008 |
150108b1998 bg ||||| |||| 00| 0 ben d |
| 040 |
|
|
|a BD-DhAAL
|c BD-DhAAL
|
| 082 |
|
|
|2 22
|a 653.2
|
| 245 |
|
|
|a A textbook of multilingual shorthand :
|c Md. Abdul Mannan Sarker
|
| 246 |
|
|
|a বহুভাষী সাঁটলিপি
|
| 260 |
|
|
|a Bogra (Bangladesh) :
|b National Institute Research Academy for Multilingual Shorthand,
|c 1998
|
| 300 |
|
|
|a xii, 304 p. :
|b ill. ;
|c 24 cm.
|
| 541 |
|
|
|e 11857
|
| 650 |
|
|
|a Shorthand
|x Speedwriting
|9 7195
|
| 710 |
|
|
|a National Institute Research Academy for Multilingual Shorthand
|9 7196
|
| 710 |
|
|
|a শিক্ষা মন্ত্রণালয়; গণপ্রজাতন্ত্রী বাংলাদেশ সরকার.
|9 7197
|
| 852 |
|
|
|a Ayesha Abed Library
|
| 942 |
|
|
|2 ddc
|c BK
|
| 999 |
|
|
|c 33412
|d 33412
|
| 952 |
|
|
|0 0
|1 0
|2 ddc
|4 0
|6 653_200000000000000_TEX
|7 0
|9 44654
|a BRACUL
|b BRACUL
|c GEN
|d 2015-01-08
|g 215.00
|l 0
|o 653.2 TEX
|p 3010011857
|r 2016-02-14
|w 2015-01-08
|y BK
|